000 00547nam a2200193Ia 4500
003 GCL
008 140319s9999 xx 000 0 ara d
040 _aGCL /
_cGCL
082 0 4 _aق
_b962.05
_bم م
100 1 _aمصلحة السياحة والدعاية
245 1 0 _aمصر /
_cمصلحة السياحة والدعاية
300 _a149
490 _aكتاب
_v0
650 0 4 _aالتجارة
650 0 4 _aالاحوال الشخصية
650 0 4 _aالاحوال الاقتصادية
650 0 4 _aالصناعة
942 _2ddc
_cBK
999 _c43263
_d43263